000 00378nam a2200145Ia 4500
008 230917s9999||||xx |||||||||||||| ||und||
040 _e42390
_aMAIN
041 _aEnglish
082 _a942.085 J29D
100 _aJarman, T L
245 0 _aDemocracy and world conflict: a history of modern Britain
260 _aDelhi
_bSurjeet
_c1978
300 _aviii, 214 p.
942 _cBK
999 _c192183
_d192183